000 003090000a22001450004500
001 000943
003 MACL
040 _aMACL
090 _c943
_d943
100 _aKhan, Saniyasnain
245 _aTell Me About Hajj
_cSaniyasnain Khan
260 _aGoodword Press,
_c2001
650 _aReligion
942 _k298
_cBook
999 _c941
_d941